000 00575nmm a2200193Ia 4500
008 251105s9999||||xx |||||||||||||||||und||
020 _a9788484282983
041 _aspa
100 _aDefoe, Daniel
245 0 _aDiario del año de la peste
264 _a[Madrid, España] :
_bAlba Editorial,
_c[Fecha de publicación no identificada]
300 _a408 páginas
490 _aAlba Clásica
650 _aHistorical fiction
700 _aDefoe, Daniel
700 1 _a Pujol Jaumandreu, Carlos
856 _uhttps://public.digitaliapublishing.com/a/80295
942 _cCF
999 _c64615
_d64615